Central Library OPAC University of Rajshahi

Cyber crimes : (Record no. 71303)

MARC details
000 -LEADER
fixed length control field 00638nam a2200217 a 4500
001 - CONTROL NUMBER
control field 71303
003 - CONTROL NUMBER IDENTIFIER
rucl marc code BD-RjUL
005 - DATE AND TIME OF LATEST TRANSACTION
control field 20211209082111.0
008 - FIXED-LENGTH DATA ELEMENTS--GENERAL INFORMATION
fixed length control field 170502b2006 ii ||||| |||| 00| 0 eng d
020 ## - INTERNATIONAL STANDARD BOOK NUMBER
International Standard Book Number 8130902281
035 ## - SYSTEM CONTROL NUMBER
System control number (BD-RjUL)71519
040 ## - CATALOGING SOURCE
Original cataloging agency BD-RjUL
Language of cataloging eng
Transcribing agency BD-RjUL
Modifying agency BD-RjUL
041 ## - LANGUAGE CODE
Language code of text/sound track or separate title eng
082 ## - DEWEY DECIMAL CLASSIFICATION NUMBER
Edition number 23
Classification number 364.168
Author mark and year KUC 2006
100 1# - MAIN ENTRY--PERSONAL NAME
Personal name Kumar, G Ram
9 (RLIN) 210993
245 10 - TITLE STATEMENT
Title Cyber crimes :
Remainder of title a primer on internet threats and email abuses /
Statement of responsibility, etc. G Ram Kumar
260 ## - PUBLICATION, DISTRIBUTION, ETC. (IMPRINT)
Place of publication, distribution, etc. New Delhi, :
Name of publisher, distributor, etc. Viva Books Private Limited,
Date of publication, distribution, etc. 2006.
300 ## - PHYSICAL DESCRIPTION
Pagination xx, 156 p. ;
Size 22 cm.
650 ## - SUBJECT ADDED ENTRY--TOPICAL TERM
Topical term or geographic name as entry element Computer crimes.
9 (RLIN) 166404
942 ## - ADDED ENTRY ELEMENTS (KOHA)
Source of classification or shelving scheme Dewey Decimal Classification
Koha item type Books
Holdings
Lost status Source of classification or shelving scheme Damaged status Not for loan Collection code Permanent Location Current Location Shelving location Date acquired Source of acquisition Cost, normal purchase price Total Checkouts Full call number Date last seen Copy number Koha item type
  Dewey Decimal Classification   Not For Loan Non-fiction Central Library, University of Rajshahi Central Library, University of Rajshahi Reading Room 02/07/2009 Dhaka, Ahsania Mission Book distribution House 875.95   364.168 KUC 2006 02/05/2017 C-1 Books